Escola d'Estiu : any 1930, represa de l'any 1923 : curs onzè / Diputació de Barcelona any 1930, represa de l'any 1923 :
Descripción Física:
16 p. ; 21 cm
MARC
| LEADER | 00000nam a2200000Ia 4500 | ||
|---|---|---|---|
| 001 | 8264 | ||
| 003 | BGR | ||
| 005 | 20260410113645.0 | ||
| 008 | 160829s1930 xx 000 0 cat d | ||
| 080 | |a RF-6-6 | ||
| 111 | |a Escola d'Estiu (Barcelona) |9 70796 |c (Barcelona : |d 1930) | ||
| 245 | |a Escola d'Estiu : |b any 1930, represa de l'any 1923 : |b curs onzè / Diputació de Barcelona | ||
| 260 | |a Barcelona : |b Consell Informatiu de Pedagogia, |c 1930 | ||
| 300 | |a 16 p. ; |c 21 cm | ||
| 650 | 0 | |a Mestres |x Educació (Educació permanent) |z Catalunya |9 22005 | |
| 710 | 1 | |a Barcelona (Catalunya : Província). |b Diputació |9 52408 | |
| 710 | 1 | |a Barcelona (Catalunya : Província). |b Diputació |9 52408 | |
| 856 | 4 | |u https://media.diba.cat/diba/fitxers/arxiu/fulletons/bib_8264_1930_baixa.pdf |y Accés lliure | |
| 856 | 4 | |u https://media.diba.cat/diba/fitxers/arxiu/fulletons/bib_8264_1930_baixa.pdf |y Accés lliure | |
| 900 | |a bib_8264_1930_baixa.pdf | ||
| 901 | |a Arxiu | ||
| 942 | |n 1 |2 udc |c MON | ||
| 952 | |0 0 |1 0 |4 0 |6 RF66 |7 1 |9 44706 |a Arxiu |b Arxiu |d 2016-12-01 |l 0 |o RF-6-6 |p 8264 |r 2016-12-01 00:00:00 |w 2016-12-01 |y ARXIU | ||
| 999 | |c 47287 |d 47287 | ||